| 000 | 00472nam a2200121Ia 4500 | ||
|---|---|---|---|
| 008 | 220615s9999||||xx |||||||||||||| ||und|| | ||
| 100 | _aClaire Lesieur | ||
| 245 | 0 | _aOligomerization of Chemical and Biological Compounds | |
| 546 | _aEnglish[eng] | ||
| 650 | _aPhysical Sciences||Engineering and Technology||Chemistry||Bioorganic Chemistry||Organic Chemistry | ||
| 856 | _uhttps://www.intechopen.com/books/oligomerization-of-chemical-and-biological-compounds | ||
| 942 | _cEB | ||
| 999 |
_c10982 _d10982 |
||